000 00711nam a2200205Ia 4500
005 20241129111411.0
008 241129s9999||||xx |||||||||||||| ||und||
037 _aTB
040 _aCRL
_bpun
_cCRL
041 _apun
_2pun
084 _aY:495.44Q7 153R1
_qCRL
100 _aਰੰਧਾਵਾ, ਮਹਿੰਧਰ ਸਿੰਘ, ਚ।
_9157566
245 0 _aਰਾਖ ਚੋਂ ਉੱਗੇ
_cਰੰਧਾਵਾ, ਮਹਿੰਧਰ ਸਿੰਘ, ਚ।
260 _aਲੁਧਿਆਨਾ, ਭਾਰਤ
_bਚੇਤਨਾ ਪ੍ਰਕਾਸ਼ਨ
_c2021
300 _a280ਪ੍ਰ0
365 _aINR
_b395
650 _aSociology
942 _cTB
_hY:495.44Q7 153R1
999 _c1230292
_d1230292